1987 Pop Songs by Artist and Lyric - Statistics

General Stats
  • This quiz has been taken 465 times
    146 since last reset
  • The average score is 10 of 18
Answer Stats
Lyric Artist Song Title % Correct
Tommy used to work on the docks / Union's been on strike / He's down on his luck / It's tough Bon Jovi Livin' on a Prayer
91%
Um, hey...Annie? Are you OK? Michael Jackson Smooth Criminal
80%
Running just as fast as we can / Holdin' on to one another's hand Tiffany I Think We're Alone Now
75%
I have climbed the highest mountains / I have run through the fields / Only to be with you U2 I Still Haven't Found What I'm Looking For
74%
But it's gonna take money / A whole lotta spending money / It's gonna take plenty of money / To do it right, child George Harrison Got My Mind Set on You
67%
If you want to find all the cops / They're hanging out in the donut shop The Bangles Walk Like an Egyptian
67%
Clock strikes upon the hour / And the sun begins to fade / Still enough time to figure out / How to chase my blues away Whitney Houston I Wanna Dance with Somebody (Who Loves Me)
65%
See the stone set in your eyes / See the thorn twist in your side U2 With or Without You
64%
In this world we're just beginning / To understand the miracle of living Belinda Carlisle Heaven Is a Place on Earth
63%
My little baby sister can do it with ease / It's easier than learning your ABCs Kylie Minogue Locomotion
60%
I've been waiting for so long / Now I've finally found someone / To stand by me Bill Medley and Jennifer Warnes (I've Had) The Time of My Life
52%
So slide over here / And give me a moment / Your moves are so raw / I've got to let you know INXS Need You Tonight
48%
I wanna run / I wanna hide / I wanna tear down the walls / That hold me inside U2 Where the Streets Have No Name
48%
Her diary sits by the bedside table / The curtains are closed / The cat's in the cradle Cutting Crew (I Just) Died in Your Arms
42%
___ ___ ___...across my heart / I want you to be my baby Terence Trent D'Arby Sign Your Name
41%
Sometimes in our lives we all have pain / We all have sorrow Club Nouveau Lean on Me
40%
Kissing like a bandit stealing time underneath a sycamore tree Terence Trent D'Arby Wishing Well
38%
I will get by / I will get by / I will get by / I will survive Grateful Dead Touch of Grey
23%
No matching quizzes found
Score Distribution
Percent of People with Each Score
Percentile by Number Answered
Your Score History
You have not taken this quiz since the last reset